The Irish Fairy Book (Record no. 261457)
[ view plain ]
| 000 -LEADER | |
|---|---|
| fixed length control field | 01882cam a22003013a 4500 |
| 001 - CONTROL NUMBER | |
| control field | 32202 |
| 003 - CONTROL NUMBER IDENTIFIER | |
| control field | PGUSA |
| 005 - DATE AND TIME OF LATEST TRANSACTION | |
| control field | 20140828083710.0 |
| 008 - FIXED-LENGTH DATA ELEMENTS--GENERAL INFORMATION | |
| fixed length control field | 100501s2010||||xxu|||||s|||||000 | eng d |
| 040 ## - CATALOGING SOURCE | |
| Original cataloging agency | PGUSA |
| Language of cataloging | eng |
| 042 ## - AUTHENTICATION CODE | |
| Authentication code | dc |
| 050 #4 - LIBRARY OF CONGRESS CALL NUMBER | |
| Classification number | PZ |
| 050 #4 - LIBRARY OF CONGRESS CALL NUMBER | |
| Classification number | GR |
| 245 14 - TITLE STATEMENT | |
| Title | The Irish Fairy Book |
| Medium | [electronic resource] |
| 260 ## - PUBLICATION, DISTRIBUTION, ETC. (IMPRINT) | |
| Name of publisher, distributor, etc | Project Gutenberg, |
| Date of publication, distribution, etc | 2010 |
| 505 0# - FORMATTED CONTENTS NOTE | |
| Formatted contents note | A Faery Song -- The Coming of Finn -- The Three Crowns -- The Grateful Beasts -- The Lepracaun -- Daniel O'Rourke -- Cuchulain of Muirthemne -- The Boyhood of Cuchulain -- The Legend of Knockgrafton -- The Stolen Child -- The Land of Youth -- The Adventures of Gilla na Chreck -- The Hill-Man and the House-Wife -- The Giant Walker -- The Pursuit of the Gilla Dacker -- Jamie Freel and the Young Lady -- A Legend of Knockmany -- The Ninepenny Fidil -- Festivities at the House of Conan -- The White Trout -- The Wonderful Cake -- The Legend of the Little Weaver -- Mor of Cloyne -- Lawn Dyarrig and the knight of Terrible Valley -- The Horned Women -- The Quare Gander -- The Fairies' Passage -- The King of the Black Desert -- The Piper and the Puca -- The Fairy Changeling -- The Talking Head of Donn-Bo -- The Bracket Bull -- The Demon Cat -- The Abbot of Inisfalen -- Morraha -- The Kildare Pooka -- The King's Son -- Murtough and the Witch-Woman -- The Red Pony -- King O'Toole and St. Kevin -- Lament of the Last Leprechaun -- The Corpse Watchers -- The Mad Pudding -- The Voyage of Maeldune. |
| 506 ## - RESTRICTIONS ON ACCESS NOTE | |
| Terms governing access | Public domain in the USA. |
| 516 ## - TYPE OF COMPUTER FILE OR DATA NOTE | |
| Type of computer file or data note | Electronic text |
| 653 ## - INDEX TERM--UNCONTROLLED | |
| Uncontrolled term | Fairy tales |
| 653 ## - INDEX TERM--UNCONTROLLED | |
| Uncontrolled term | Tales -- Ireland |
| 653 ## - INDEX TERM--UNCONTROLLED | |
| Uncontrolled term | Fairy tales -- Ireland |
| 653 ## - INDEX TERM--UNCONTROLLED | |
| Uncontrolled term | Folklore -- Ireland |
| 700 1# - ADDED ENTRY--PERSONAL NAME | |
| Personal name | Denham, George |
| 700 1# - ADDED ENTRY--PERSONAL NAME | |
| Personal name | Graves, Alfred Perceval, |
| Dates associated with a name | 1846-1931 |
| 830 #0 - SERIES ADDED ENTRY--UNIFORM TITLE | |
| Uniform title | Project Gutenberg |
| Volume number/sequential designation | 32202 |
| 856 40 - ELECTRONIC LOCATION AND ACCESS | |
| Uniform Resource Identifier | <a href="http://www.gutenberg.org/ebooks/32202">http://www.gutenberg.org/ebooks/32202</a> |
| 942 ## - ADDED ENTRY ELEMENTS (KOHA) | |
| Koha item type | eBooks |
| Withdrawn status | Lost status | Damaged status | Home library | Current library | Date acquired | Total Checkouts | Date last seen | Price effective from | Koha item type |
|---|---|---|---|---|---|---|---|---|---|
| Project Gutenberg | Project Gutenberg | 08/28/2014 | 08/28/2014 | 08/28/2014 | eBooks |